[Event "Amantea op-B 9th"]
[Site "Amantea"]
[Date "2011.09.10"]
[Round "7"]
[White "Rizzuti, Pasquale"]
[Black "Trifoglio, Giovanni"]
[Result "0-1"]
[WhiteElo "1856"]
[BlackElo "1879"]
[PlyCount "142"]
[EventDate "2011.09.04"]
[EventType "swiss"]
[EventRounds "8"]
[EventCountry "ITA"]
[SourceTitle "EXT 2014"]
[Source "ChessBase"]
[SourceDate "2013.11.20"]
[SourceVersion "1"]
[SourceVersionDate "2013.11.20"]
[SourceQuality "1"]

1. e4 c5 2. Nf3 e6 3. d4 cxd4 4. Nxd4 a6 5. Be2 Nc6 6. Be3 Nge7 7. Nc3 Nxd4 8. Qxd4 b5 9. 0-0 Nc6 10. Qd2 Bb7 11. Rad1 d6 12. Bf4 Ne5 13. a3 Be7 14. f3 Qc7 15. Kh1 0-0 16. Be3 Nc4 17. Bxc4 Qxc4 18. Qf2 Kh8 19. Rd4 Qc7 20. Rfd1 Rac8 21. R4d3 Bc6 22. g4 a5 23. Bb6 Qb7 24. Bxa5 f5 25. Qb6 fxg4 26. Qxb7 Bxb7 27. Nxb5 gxf3 28. Nc3 f2 29. Kg2 Ba6 30. Bb6 f1Q+ 31. Rxf1 Rxf1 32. Kxf1 Rb8 33. Bd4 Bxd3+ 34. cxd3 Rxb2 35. a4 Bf6 36. Bxf6 gxf6 37. Ke1 Kg7 38. Kd1 Kf7 39. Kc1 Rxh2 40. a5 Rh5 41. a6 Ra5 42. a7 Rxa7 43. Kd2 Kg6 44. Ke3 h5 45. Ne2 Rh7 46. Kf2 h4 47. Kg2 Ra7 48. Kh3 Kg5 49. Nd4 Re7 50. Nf3+ Kf4 51. Kg2 Rg7+ 52. Kf2 h3 53. Nd4 Rg2+ 54. Kf1 Kg3 55. Ne2+ Rxe2 56. Kxe2 Kg2 57. e5 fxe5 58. d4 h2 59. dxe5 h1Q 60. exd6 Qh2 61. d7 Qd6 62. Ke3 Qxd7 63. Ke4 Qd5+ 64. Ke3 Qc4 65. Kd2 Qb3 66. Ke2 e5 67. Kd2 Kf2 68. Kc1 Qa2 69. Kd1 Qe2+ 70. Kc1 Ke3 71. Kb1 Kd3 0-1

[Event "Amantea op-B 7th"]
[Site "Amantea"]
[Date "2009.09.02"]
[Round "3"]
[White "Cerasoli, Mauro"]
[Black "Rizzuti, Pasquale"]
[Result "1-0"]
[WhiteElo "1711"]
[BlackElo "1826"]
[PlyCount "71"]
[EventDate "2009.08.31"]
[EventType "swiss"]
[EventRounds "8"]
[EventCountry "ITA"]
[SourceTitle "CBM 132 Extra"]
[Source "ChessBase"]
[SourceDate "2009.11.03"]
[SourceVersion "1"]
[SourceVersionDate "2009.11.03"]
[SourceQuality "1"]

1. d4 Nf6 2. c4 g6 3. Nc3 c5 4. d5 d6 5. e4 Bg7 6. f4 Bg4 7. Be2 h5 8. h3 Bd7 9. e5 Nh7 10. Nf3 Bf5 11. 0-0 Nd7 12. Nh4 Bxh3 13. gxh3 dxe5 14. fxe5 Nxe5 15. Be3 Nf6 16. Qa4+ Kf8 17. Bxc5 Qc8 18. Qa3 Qxh3 19. Bxe7+ Kg8 20. Bxf6 Bxf6 21. Rxf6 Qxh4 22. Qe7 Qg3+ 23. Kf1 Kg7 24. Rf2 Qh3+ 25. Ke1 Rae8 26. Qf6+ Kh6 27. Kd2 Kh7 28. Re1 Rhf8 29. Bf1 Qg3 30. Qf4 h4 31. Ne4 Qg1 32. Nf6+ Kg7 33. Nxe8+ Rxe8 34. Rxe5 Rxe5 35. Qxe5+ Kf8 36. Qf6 1-0

[Event "Cutro op-B 15th"]
[Site "Cutro"]
[Date "2009.04.22"]
[Round "3"]
[White "Ielapi, Vito"]
[Black "Rizzuti, Pasquale"]
[Result "1-0"]
[WhiteElo "1911"]
[BlackElo "1814"]
[PlyCount "99"]
[EventDate "2009.04.20"]
[EventType "swiss"]
[EventRounds "7"]
[EventCountry "ITA"]
[SourceTitle "EXT 2011"]
[Source "ChessBase"]
[SourceDate "2010.11.26"]
[SourceVersion "1"]
[SourceVersionDate "2010.11.26"]
[SourceQuality "1"]

1. d4 Nf6 2. Nf3 d5 3. e3 g6 4. Bd3 Bg7 5. Nbd2 Nbd7 6. 0-0 0-0 7. e4 dxe4 8. Nxe4 Nxe4 9. Bxe4 Nf6 10. Bd3 Bg4 11. h3 Bxf3 12. Qxf3 Qd5 13. Qe3 Rfe8 14. c4 Qd7 15. Be2 Rad8 16. Rd1 c6 17. b3 e6 18. Bb2 Qe7 19. Rd3 b5 20. Rad1 a6 21. R3d2 Qb7 22. Qf3 bxc4 23. d5 exd5 24. Bxf6 Bxf6 25. Qxf6 cxb3 26. axb3 Rb8 27. Rc1 Re6 28. Qc3 Rbe8 29. Bf1 Qb6 30. Ra2 d4 31. Qd2 Ra8 32. Bc4 Re5 33. Qd3 a5 34. Rd1 c5 35. Bxf7+ Kg7 36. Re2 Qc7 37. Rxe5 Qxe5 38. Bc4 a4 39. Ra1 a3 40. Qe2 Qf6 41. Qf3 Qd8 42. h4 Ra7 43. h5 Qd6 44. hxg6 hxg6 45. Qd5 Qf8 46. Qe5+ Kh6 47. g3 Qc8 48. Kg2 Qh3+ 49. Kxh3 a2 50. Kg4 1-0

[Event "Cosenza Province-ch"]
[Site "Aieta"]
[Date "2009.04.10"]
[Round "2"]
[White "Rizzuti, Pasquale"]
[Black "Ielapi, Vito"]
[Result "0-1"]
[WhiteElo "1814"]
[BlackElo "1911"]
[PlyCount "114"]
[EventDate "2009.04.09"]
[EventType "swiss"]
[EventRounds "5"]
[EventCountry "ITA"]
[SourceTitle "EXT 2024"]
[Source "ChessBase"]
[SourceDate "2023.10.10"]
[SourceVersion "1"]
[SourceVersionDate "2023.10.10"]
[SourceQuality "1"]

1. g3 d5 2. Bg2 Nf6 3. Nf3 e6 4. c4 c6 5. b3 Bd6 6. Bb2 Nbd7 7. d4 0-0 8. 0-0 Re8 9. c5 Bc7 10. Nbd2 e5 11. dxe5 Nxe5 12. Nxe5 Bxe5 13. Bxe5 Rxe5 14. Nf3 Re7 15. e3 Qa5 16. Qc1 Ne4 17. Nd4 Nxc5 18. Qc2 Ne4 19. Rfc1 Bd7 20. b4 Qd8 21. Rd1 a6 22. a3 Qc8 23. Rac1 Bh3 24. Bh1 Qd7 25. Nb3 Qf5 26. Nd4 Qf6 27. Re1 Rae8 28. Red1 h5 29. Re1 Ng5 30. Qd3 Bg4 31. f4 Nh3+ 32. Kg2 h4 33. Nf3 Bxf3+ 34. Kxf3 Ng5+ 35. Kf2 Ne4+ 36. Bxe4 Rxe4 37. Re2 d4 38. Rce1 dxe3+ 39. Rxe3 Qb2+ 40. Kf3 Rxe3+ 41. Rxe3 Rxe3+ 42. Kxe3 Qxh2 43. Qd8+ Kh7 44. gxh4 Qg3+ 45. Ke4 Qe1+ 46. Kf3 Qc3+ 47. Kg4 Qc4 48. h5 Qe2+ 49. Kh4 f5 50. Kg3 Qg4+ 51. Kf2 Qxf4+ 52. Kg2 Qe4+ 53. Kf2 f4 54. h6 Qe3+ 55. Kg2 f3+ 56. Kh2 f2 57. hxg7 Qf4+ 0-1